| 000 | 00809nam a2200229Ia 4500 | ||
|---|---|---|---|
| 999 |
_c46841 _d46841 |
||
| 003 | GCL | ||
| 005 | 20240530104348.0 | ||
| 008 | 140319s1968 ua b 000 0 ara d | ||
| 040 |
_aGCL / _cGCL |
||
| 082 | 0 | 4 |
_a937.06/ _bب ر |
| 100 | 1 | _aبارو، ر.هـ | |
| 245 | 1 | 0 |
_aالرومان / _cتاليف ر.هـ. بارو ؛ ترجمة عبدالرازق يسرى ؛ مراجعة سهير القلماوى |
| 260 |
_aالقاهرة : _bدار نهضة مصر للطبع والنشر، _c1968. |
||
| 300 |
_a232 ص. : _bخرائط ؛ _c24 سم |
||
| 490 |
_aالالف كتاب _v0 |
||
| 650 | 0 | 4 | _aاباطرة الرومان |
| 650 | 0 | 4 | _aايطاليا |
| 650 | 0 | 4 | _aروما |
| 700 | 0 |
_aعبدالرازق يسرى _eمترجم |
|
| 700 | 0 |
_aسهير القلماوى _eمراجع |
|
| 942 |
_2ddc _cBK |
||